|
|
|
|
| LEADER |
00885 a2200169 4500 |
| 008 |
150103s9999 000 0 eng |
| 020 |
|
|
|a 0396068782
|
| 082 |
|
|
|a 808.82
|
| 245 |
|
|
|a The best plays of 1972-1973/
|
| 260 |
|
|
|a New York:
|b Dodd, Mead & Co.
|c c1973.
|
| 300 |
|
|
|a 515 p.
|
| 505 |
|
|
|a 6 RMS riv vu byBob Randall--Butley by Simmon Gray--Green julia by Paul Ableman--The creation of the world and other business by Arthur Miller--The river niger by Joseph A Walker--The sunshine boys by Neil Simon--Finishing Touches by Jean Kerr--The changing room by David Storey--The hot L baltimore by Lanford Wilson--A little night music by Hugh Wheeler
|
| 650 |
|
|
|a Drama
|
| 700 |
|
|
|a Guernsey, Otis L.
|
| 942 |
|
|
|c BK
|
| 999 |
|
|
|c 303634
|d 303634
|
| 952 |
|
|
|0 0
|1 0
|2 ddc
|4 0
|6 808_820000000000000_GUE_BE
|7 0
|9 347255
|a DRA
|b DRA
|c REF
|d 2011-03-21
|i 2421
|l 0
|o 808.82 GUE/BE
|p DRA2421
|r 2011-03-21
|w 2011-03-21
|y REF
|